Central Library OPAC University of Rajshahi

Hydro-Geomorphic Characteristics of the Tista Floodplain, Bangladesh / (Record no. 77898)

MARC details
000 -LEADER
fixed length control field 01078nam a22002897a 4500
001 - CONTROL NUMBER
control field 77898
003 - CONTROL NUMBER IDENTIFIER
rucl marc code BD-RjUL
005 - DATE AND TIME OF LATEST TRANSACTION
control field 20211209083047.0
008 - FIXED-LENGTH DATA ELEMENTS--GENERAL INFORMATION
fixed length control field 210208s1995 bg a|||| m||| 00| 0 eng d
035 ## - SYSTEM CONTROL NUMBER
System control number (BD-RjUL)
040 ## - CATALOGING SOURCE
Original cataloging agency BD-RjUL
Language of cataloging eng
Transcribing agency BD-RjUL
Modifying agency BD-RjUL
041 ## - LANGUAGE CODE
Language code of text/sound track or separate title eng
082 ## - DEWEY DECIMAL CLASSIFICATION NUMBER
Classification number 551.41
Edition number 23
Author mark and year SHH 1995
100 ## - MAIN ENTRY--PERSONAL NAME
Personal name Shaikh, Md. Abu Hanif
9 (RLIN) 244559
245 10 - TITLE STATEMENT
Title Hydro-Geomorphic Characteristics of the Tista Floodplain, Bangladesh /
Statement of responsibility, etc. by Md. Abu Hanif Shaikh ;
260 ## - PUBLICATION, DISTRIBUTION, ETC. (IMPRINT)
Place of publication, distribution, etc. Rajshahi:
Name of publisher, distributor, etc. Department of Geography, University of Rajshahi,
Date of publication, distribution, etc. 1995
300 ## - PHYSICAL DESCRIPTION
Pagination xix, 355 leaves :
Illustrations Ill. ;
Size 29 cm.
502 ## - DISSERTATION NOTE
Dissertation note Thesis (Ph. D. ) -- Department of Geography, University of Rajshahi, 1995
504 ## - BIBLIOGRAPHY, ETC. NOTE
Bibliography, etc Bibliography: Leaves [327]- 355
600 ## - SUBJECT ADDED ENTRY--PERSONAL NAME
Personal name
Dates associated with a name
General subdivision
650 ## - SUBJECT ADDED ENTRY--TOPICAL TERM
Topical term or geographic name as entry element Geomorphology
9 (RLIN) 244576
Topical term or geographic name as entry element Floods
Geographic subdivision Bangladesh
9 (RLIN) 244577
Topical term or geographic name as entry element Flood control
Geographic subdivision Bangladesh
9 (RLIN) 244578
Topical term or geographic name as entry element Floodplain management
Geographic subdivision Bangladesh.
9 (RLIN) 244579
Topical term or geographic name as entry element Floods
General subdivision Social aspects
Geographic subdivision Bangladesh.
9 (RLIN) 244580
942 ## - ADDED ENTRY ELEMENTS (KOHA)
Source of classification or shelving scheme Dewey Decimal Classification
Koha item type Theses
Holdings
Lost status Source of classification or shelving scheme Damaged status Not for loan Collection code Permanent Location Current Location Shelving location Date acquired Source of acquisition Total Checkouts Full call number Date last seen Copy number Koha item type
  Dewey Decimal Classification   Not For Loan Theses Central Library, University of Rajshahi Central Library, University of Rajshahi Documentation Section 29/01/1997 Controller of Exam., R.U.   THE 551.41 SHH 1995 08/02/2021 C-1 Theses